| 000 | 00546nam a2200205Ia 4500 | ||
|---|---|---|---|
| 008 | 140626s9999 xx 000 0 und d | ||
| 100 | _aSmith. | ||
| 245 |
_aIntroduction to robotics through sensors and measurement / _cSmith ... [et al.]. |
||
| 260 | _cc2011. | ||
| 300 | _a2 : 1, page 2 | ||
| 440 | _aComputers in Education Journal | ||
| 521 | _aIT | ||
| 650 | _aCurriculum structure. | ||
| 650 | _aEducation. | ||
| 650 | _aMeasurement. | ||
| 650 | _aRobotics. | ||
| 650 | _aSensors. | ||
| 650 | _aStudent response. | ||
| 942 | _cSE | ||
| 999 |
_c120893 _d120893 |
||